Legislatívne podmienky financovania regionálnej osobnej dopravy vo Francúzsku

Administratívne členenie Francúzska. Legislatíva regionálnej dopravy. Zákon o orientácii vnútroštátnej dopravy. Obecný zákonník územných spoločenstiev. Obežník o štátnej pomoci na zavedenie plánov mestskej dopravy a mimomestskej hromadnej dopravy. Nariadenie o prevode pôsobností v hromadnej doprave...

Description complète

Enregistré dans:
Détails bibliographiques
Auteur principal: Margetiaková, Janka
Format: Chapitre de livre
Langue:slovaque
Sujets:
Tags: Ajouter un tag
Pas de tags, Soyez le premier à ajouter un tag!

MARC

LEADER 00000naa a2200000 4500
001 r049571
005 20230825085818.4
041 0 |a slo 
044 |a SK 
245 1 0 |a Legislatívne podmienky financovania regionálnej osobnej dopravy vo Francúzsku  |c Janka Margetiaková 
520 |a Administratívne členenie Francúzska. Legislatíva regionálnej dopravy. Zákon o orientácii vnútroštátnej dopravy. Obecný zákonník územných spoločenstiev. Obežník o štátnej pomoci na zavedenie plánov mestskej dopravy a mimomestskej hromadnej dopravy. Nariadenie o prevode pôsobností v hromadnej doprave regionálneho významu. 
610 2 0 |a doprava osobná 
610 2 0 |a regióny 
610 2 0 |a legislatíva 
610 2 0 |a financovanie 
610 2 0 |a Francúzsko 
100 1 |a Margetiaková, Janka